Unitatea latina séu Causa romana in procesul nationalitatiloru din puntul de vedere istoricu, juridicu si politicu / (Record no. 158618)

MARC details
000 -LEADER
campo de control de longitud fija 00819nam a22001935i 4500
001 - NÚMERO DE CONTROL
campo de control 158618
003 - IDENTIFICADOR DE NÚMERO DE CONTROL
campo de control ES-MaACL
005 - FECHA Y HORA DE LA ÚLTIMA TRANSACCIÓN
campo de control 20230906211236.0
008 - DATOS DE LONGITUD FIJA--INFORMACIÓN GENERAL
campo de control de longitud fija 040901s1867 rou |||| | rumod
080 ## - NÚMERO DE LA CLASIFICACIÓN DECIMAL UNIVERSAL
Número de la Clasificación Decimal Universal 008(498)
100 1# - ENTRADA PRINCIPAL--NOMBRE DE PERSONA
Nombre de persona Maniu, V.
9 (RLIN) 129417
245 10 - MENCIÓN DEL TÍTULO
Título Unitatea latina séu Causa romana in procesul nationalitatiloru din puntul de vedere istoricu, juridicu si politicu /
Mención de responsabilidad, etc. de V. Maniu.
260 ## - PUBLICACIÓN, DISTRIBUCIÓN, ETC.
Lugar de publicación, distribución, etc. Bucuresci :
Nombre del editor, distribuidor, etc. [s.n.],
Fecha de publicación, distribución, etc. 1867 (
Fabricante Tip. Lucratoriloru Asociati)
300 ## - DESCRIPCIÓN FÍSICA
Extensión 72 p. ;
Dimensiones 21 cm.
597 ## - NOTA DE DESCRIPCIÓN FÍSICA
NOTA DE DESCRIPCIÓN FÍSICA Los datos de port. se ha transcrito sin los signos que acompañan a las letras vocales y a algunas letras S y T.
651 #4 - PUNTO DE ACCESO ADICIONAL DE MATERIA--NOMBRE GEOGRÁFICO
Nombre geográfico Rumanía-
Subdivisión general Civilización.
9 (RLIN) 9322
752 ## - ENTRADA AGREGADA--NOMBRE JERÁRQUICO DEL LUGAR
País o entidad superior Rumanía -
Ciudad Bucarest
852 4# - LOCALIZACIÓN
Ubicación ES-MaACL
Número de control de estantería T-92-F-17
Nota libre - Enc. hol., falto de cub. original
-- - Enc. en un vol. facticio
Holdings
Estatus retirado Estado de pérdida Estado de daño No para préstamo Colección Biblioteca de origen Biblioteca actual Ubicación en estantería Fecha de adquisición Total de préstamos Signatura topográfica completa Código de barras Visto por última vez Precio de reemplazo Tipo de ítem Koha
        Colección de folletos Biblioteca del Ateneo de Madrid Biblioteca del Ateneo de Madrid Depósito folletos 17/01/2008   T-92-F-17 1166024 23/02/2023 23/02/2023 Folleto